| 000 | 02479cam a22005054i 4500 | ||
|---|---|---|---|
| 003 | PE-LiUPU | ||
| 005 | 20250731173602.0 | ||
| 008 | 241016b |||||||| |||| 00| 0 spa d | ||
| 040 |
_aPE-LiUPU _bspa _cPE-LiUPU _erda |
||
| 082 | 0 | 4 |
_a224.5 _bS662d _223 |
| 100 | 1 |
_aSmith, Uriah, _eautor. |
|
| 240 | _aDaniel and the revelation | ||
| 245 | 1 | 0 |
_aDaniel and the revelation : _bThe response of history to tha Voice of Prophecy. A verse by verse study of these important books of the bible / _cpor Uriah Smith. |
| 264 | 1 |
_aMountain View, California : _bPacific Press Publishing Association, _c1907. |
|
| 264 | 1 |
_aNashville, Tennessee : _bSouthern Publishing Association, _c1907. |
|
| 300 |
_a901 páginas ; _a800 páginas ; _c22 centímetros. |
||
| 336 |
_atext _2rdacontent |
||
| 337 |
_aunmediated _2rdamedia |
||
| 338 |
_avolume _2rdacarrier |
||
| 500 | _aDos impresiones diferentes. | ||
| 505 | 0 | _aTHE BOOK OF DANIEL -- Daniel in captivity -- The great image -- The fiery ordeal -- Nebuchadnezzar’s decree – Belshazzar’s feast – Daniel in the Lion’s Den – The four Beasts – Visión of the Ram, He-goat, and Little horn – The seventy weeks – Daniel’s last visión – A literal prophecy – Closing scenes – THE BOOK OF REVELATION – The opening visión – The seven churches – New visión. The heavenly sanctuary – The seven seals – The sealing – The seven trumpets – Proclamation of the advent – The two witnesses – The góspel church – Persecuting powers professedly Christian – The three messages – The seven last plagues – The plagues poured out – Babylon. The mother – Babylon. The daughters – Tiumph of the saints – The first and second resurrections – The new Jerusalem – The three and the river of life. | |
| 526 | _aSEG42 | ||
| 526 | _aSEG41 | ||
| 526 | _aSEG40 | ||
| 526 | _aSEG39 | ||
| 526 | _aP94 | ||
| 526 | _aP87 | ||
| 526 | _aP86 | ||
| 526 | _aP85 | ||
| 526 | _aP77 | ||
| 526 | _aP76 | ||
| 526 | _aP35 | ||
| 630 | 1 | 4 |
_aBiblia. _pDaniel _xComentarios. |
| 630 | 2 | 4 |
_aBiblia. _pApocalipsis _xComentarios. |
| 942 |
_2ddc _cBK _n0 |
||
| 980 |
_81 _gALBERTO SANCHEZ Responsable de Automatización _618226 _aJaime Vilcazán Jefe de Análisis Documental |
||
| 999 |
_c62645 _d62644 |
||